000 01257cam a2200409 i 4500
001 ocm04776894
003 0
005 20230123133130.0
008 790130s1979 caua b 001 0 eng
010 _a79001192
016 7 _a8003793
_2DNLM
019 _a6277037
020 _a0716710935
_a0716710943
_bpbk.
029 1 _aNLM
_b8003793
035 _bH130
040 _aDLC
_cNUST
_dOCL
_dNLM
_dOCL
049 _aMAIN
060 0 0 _aWK 900
_bH814 1979
090 _aQP572.S4
245 0 0 _aHormones and reproductive behavior :
_breadings from Scientific American /
_cwith introds. by Rae Silver, Harvey H. Feder.
260 _aSan Francisco :
_bW.H. Freeman,
_cc1979.
300 _aviii, 181 p. :
_bill. ;
_c30 cm.
504 _aBibliography: p. [169]-172.
500 _aIncludes index.
650 0 _aHormones, Sex.
650 0 _aReproduction.
650 0 _aSexual behavior in animals.
650 0 _aSex.
650 2 _aReproduction
_vcollected works.
650 2 _aSex Behavior
_vcollected works.
650 2 _aSex Behavior, Animal
_vcollected works.
650 2 _aSex Hormones
_vcollected works.
730 0 _aScientific American.
907 _a.b10015334
_b17-04-03
_c17-04-03
994 _a92
_bZNA
942 _cBOOKS
_kQP572.S4
999 _c143296
_d143296